SNUGGLE TIME STORIES / (Record no. 204694)

MARC details
000 -LEADER
fixed length control field 01085nam a2200289 i 4500
005 - DATE AND TIME OF LATEST TRANSACTION
control field 20260628114134.0
008 - FIXED-LENGTH DATA ELEMENTS--GENERAL INFORMATION
fixed length control field 260628t20242024xxka jr 000 1 eng d
020 ## - INTERNATIONAL STANDARD BOOK NUMBER
International Standard Book Number 9781789899610
Terms of availability RM79.90
Qualifying information hardback
040 ## - CATALOGING SOURCE
Original cataloging agency PPAK
Language of cataloging eng
Transcribing agency PPAK
Description conventions rda
082 04 - DEWEY DECIMAL CLASSIFICATION NUMBER
Classification number 398.2
Edition number 23
090 00 - LOCALLY ASSIGNED LC-TYPE CALL NUMBER (OCLC); LOCAL CALL NUMBER (RLIN)
Classification number (OCLC) (R) ; Classification number, CALL (RLIN) (NR) 398.2
Feature heading VEI
Feature heading R
100 1# - MAIN ENTRY--PERSONAL NAME
Personal name Veitch, Catherine,
Relator term author.
245 10 - TITLE STATEMENT
Title SNUGGLE TIME STORIES /
Statement of responsibility, etc. Written by Catherine Veitch
264 #1 - PRODUCTION, PUBLICATION, DISTRIBUTION, MANUFACTURE, AND COPYRIGHT NOTICE
Place of production, publication, distribution, manufacture Essex, UK :
Name of producer, publisher, distributor, manufacturer Miles Kelly Publishing Ltd,
Date of production, publication, distribution, manufacture, or copyright notice 2024
Date of production, publication, distribution, manufacture, or copyright notice ©2024
300 ## - PHYSICAL DESCRIPTION
Extent 139 pages :
Other physical details colour illustrations ;
Dimensions 29 cm
336 ## - CONTENT TYPE
Content type term text
Source rdacontent
Content type term still image
Source rdacontent
337 ## - MEDIA TYPE
Media type term unmediated
Source rdamedia
338 ## - CARRIER TYPE
Carrier type term volume
Source rdacarrier
500 ## - GENERAL NOTE
General note "Fairy tales to share"-- Front cover.
General note "This is a super boost book"-- Back cover.
520 ## - SUMMARY, ETC.
Summary, etc. This book follows the adventures of familiar fairy tale friends who will enchant young readers as they get ready for their bedtime stories.
650 10 - SUBJECT ADDED ENTRY--TOPICAL TERM
Topical term or geographic name entry element Fairy tales
Form subdivision Juvenile fiction.
Topical term or geographic name entry element Children's stories.
942 ## - ADDED ENTRY ELEMENTS (KOHA)
Source of classification or shelving scheme Dewey Decimal Classification
Koha item type Book

No items available.